000 00412nam a2200169Ia 4500
008 230711s9999||||xx |||||||||||||| ||und||
041 _aENG
082 _a615
_bSU-L
100 _aSubrahmanyam,C.V.S
245 0 _aLaboratory manual of industrial Pharmacy
250 _a1st Ed.
260 _c2006
_aDelhi
_bVallabh Prakashan
300 _a167p.
650 _aPharmacy
700 _aThimma Setty,J
942 _cBK
999 _c7167
_d7167